000
00190nam a2200109Ia 4500
100
_a
#N/A
942
_c
BK
245
_a
eclipse 3.5 CD
260
_b
#N/A
546
_a
ENGLISH
999
_c
33593
_d
33593